| 000 | 00476nam a2200181Ia 4500 | ||
|---|---|---|---|
| 001 | 21297 | ||
| 005 | 20260306172909.0 | ||
| 008 | 260306t2019||||xx |||||||||||||| ||spa|| | ||
| 041 | _aESP | ||
| 082 |
_a344.525 _bA67 |
||
| 100 |
_aArbulú Martínez, Víctor Jimmy _eAUT |
||
| 245 | 0 |
_aDerecho penal. Parte especial: _blos delitos contra el patrimonio |
|
| 260 | _c2019 | ||
| 300 |
_a574 páginas : _c25 cm. |
||
| 650 | _aGEN | ||
| 654 | _aCDE | ||
| 942 |
_cLIB _dJUS _fJUS _2ddc _n |
||
| 999 |
_c21297 _d21297 |
||